[Event "Team Championship Russia (Blitz, Men)"]
[Site "Sochi"]
[Date "2018.10.10"]
[Round "3.4"]
[White "Motylev, Alexander"]
[Black "Sharafiev, Azat"]
[Result "1-0"]
[BlackElo "2435"]
[WhiteElo "2569"]
[LiveChessVersion "1.4.8"]

1. e4 {[%clk 0:03:02]} Nc6 {[%clk 0:03:03]} 2. Nf3 {[%clk 0:03:02]} d6
{[%clk 0:03:04]} 3. d4 {[%clk 0:03:01]} Nf6 {[%clk 0:03:05]} 4. Nc3
{[%clk 0:03:01]} g6 {[%clk 0:03:06]} 5. h3 {[%clk 0:02:46]} Bg7 {[%clk 0:03:07]}
6. g4 {[%clk 0:02:45]} e5 {[%clk 0:02:55]} 7. dxe5 {[%clk 0:02:23]} Nxe5
{[%clk 0:02:56]} 8. Nxe5 {[%clk 0:01:58]} dxe5 {[%clk 0:02:57]} 9. Qxd8+
{[%clk 0:01:58]} Kxd8 {[%clk 0:02:58]} 10. Be3 {[%clk 0:01:58]} c6
{[%clk 0:02:35]} 11. O-O-O+ {[%clk 0:01:58]} Kc7 {[%clk 0:02:36]} 12. f4
{[%clk 0:01:56]} Nd7 {[%clk 0:02:19]} 13. f5 {[%clk 0:01:57]} b5 {[%clk 0:01:41]}
14. Be2 {[%clk 0:01:57]} a5 {[%clk 0:01:31]} 15. a4 {[%clk 0:01:57]} b4
{[%clk 0:01:22]} 16. Nb1 {[%clk 0:01:58]} Nb6 {[%clk 0:01:14]} 17. b3
{[%clk 0:01:53]} h5 {[%clk 0:01:13]} 18. Nd2 {[%clk 0:01:37]} gxf5
{[%clk 0:01:09]} 19. gxf5 {[%clk 0:01:36]} Bh6 {[%clk 0:01:09]} 20. Bxh6
{[%clk 0:01:33]} Rxh6 {[%clk 0:01:10]} 21. Rhg1 {[%clk 0:01:33]} Rh7
{[%clk 0:00:49]} 22. Nf3 {[%clk 0:01:16]} f6 {[%clk 0:00:42]} 23. Rg6
{[%clk 0:01:03]} Nd7 24. Bc4 Bb7 {[%clk 0:00:28]} 25. Rxd7+ {[%clk 0:00:52]} Kxd7
{[%clk 0:00:29]} 26. Rxf6 {[%clk 0:00:53]} Re7 {[%clk 0:00:21]} 27. Rh6
{[%clk 0:00:54]} c5 {[%clk 0:00:19]} 28. f6 {[%clk 0:00:51]} Ree8
{[%clk 0:00:10]} 29. Bb5+ {[%clk 0:00:48]} Kc7 {[%clk 0:00:05]} 30. Rh7+
{[%clk 0:00:38]} Kb6 {[%clk 0:00:05]} 31. Bxe8 {[%clk 0:00:39]} Rxe8
{[%clk 0:00:06]} 32. f7 {[%clk 0:00:40]} Rf8 {[%clk 0:00:06]} 33. Ng5
{[%clk 0:00:41]} Bc8 {[%clk 0:00:05]} 34. Rxh5 {[%clk 0:00:37]} Kc7
{[%clk 0:00:04]} 35. Rh6 {[%clk 0:00:35]} Kd7 {[%clk 0:00:03]} 36. Kd2
{[%clk 0:00:35]} Ke7 {[%clk 0:00:04]} 37. h4 {[%clk 0:00:34]} c4 {[%clk 0:00:05]}
38. bxc4 {[%clk 0:00:33]} Bd7 {[%clk 0:00:06]} 39. Ra6 {[%clk 0:00:32]} Bxa4
{[%clk 0:00:07]} 40. Rxa5 {[%clk 0:00:33]} Bd7 {[%clk 0:00:08]} 41. Rxe5+
{[%clk 0:00:33]} Kf6 {[%clk 0:00:08]} 42. Rd5 {[%clk 0:00:33]} Ke7
{[%clk 0:00:09]} 43. Ra5 {[%clk 0:00:32]} Rh8 {[%clk 0:00:08]} 44. Ra7
{[%clk 0:00:32]} Rd8 {[%clk 0:00:05]} 45. Ke3 {[%clk 0:00:32]} Kf6
{[%clk 0:00:03]} 46. Rxd7 {[%clk 0:00:32]} 1-0

[Event "Team Championship Russia (Blitz, Men)"]
[Site "Sochi"]
[Date "2018.10.10"]
[Round "3.6"]
[White "Morozevich, Alexander"]
[Black "Sergeyev, Alexander"]
[Result "1-0"]
[BlackElo "2277"]
[WhiteElo "2677"]
[LiveChessVersion "1.4.8"]

1. e4 {[%clk 0:03:03]} e5 {[%clk 0:03:03]} 2. Nf3 {[%clk 0:03:04]} Nf6
{[%clk 0:03:04]} 3. Nxe5 {[%clk 0:03:02]} d6 {[%clk 0:03:05]} 4. Nxf7
{[%clk 0:03:03]} Kxf7 {[%clk 0:03:04]} 5. Nc3 {[%clk 0:03:04]} Be6
{[%clk 0:02:27]} 6. d4 {[%clk 0:03:04]} Be7 {[%clk 0:02:15]} 7. f4
{[%clk 0:02:52]} Re8 {[%clk 0:01:37]} 8. f5 {[%clk 0:02:47]} Bxf5
{[%clk 0:01:34]} 9. exf5 {[%clk 0:02:47]} d5 {[%clk 0:01:28]} 10. Be2
{[%clk 0:02:46]} Nc6 {[%clk 0:01:15]} 11. O-O {[%clk 0:02:44]} Ne4
{[%clk 0:01:03]} 12. Nxe4 {[%clk 0:02:35]} dxe4 {[%clk 0:01:03]} 13. Bc4+
{[%clk 0:02:28]} Kf8 {[%clk 0:00:57]} 14. c3 {[%clk 0:02:28]} Bf6
{[%clk 0:00:37]} 15. Qh5 {[%clk 0:02:29]} Qd7 {[%clk 0:00:24]} 16. Bf4
{[%clk 0:02:06]} Nxd4 {[%clk 0:00:12]} 17. Rad1 {[%clk 0:02:02]} e3
{[%clk 0:00:04]} 18. cxd4 {[%clk 0:01:59]} 1-0

[Event "Team Championship Russia (Blitz, Men)"]
[Site "Sochi"]
[Date "2018.10.10"]
[Round "3.8"]
[White "Iljiushenok, Ilia"]
[Black "Savitskiy, Sergey"]
[Result "0-1"]
[BlackElo "2283"]
[WhiteElo "2538"]
[LiveChessVersion "1.4.8"]

1. e4 {[%clk 0:03:03]} c5 {[%clk 0:03:03]} 2. Nc3 {[%clk 0:03:04]} e6 3. Nf3 a6
{[%clk 0:03:00]} 4. d4 {[%clk 0:03:07]} cxd4 {[%clk 0:03:01]} 5. Nxd4
{[%clk 0:03:08]} b5 {[%clk 0:03:01]} 6. Bd3 {[%clk 0:03:07]} Qc7 {[%clk 0:02:58]}
7. O-O {[%clk 0:03:04]} Bb7 {[%clk 0:02:58]} 8. Qe2 {[%clk 0:02:54]} Nf6
{[%clk 0:02:55]} 9. Bd2 {[%clk 0:01:54]} d6 {[%clk 0:02:46]} 10. a4
{[%clk 0:01:53]} bxa4 {[%clk 0:02:06]} 11. Rxa4 {[%clk 0:01:53]} Be7
{[%clk 0:02:07]} 12. Rfa1 {[%clk 0:01:52]} O-O {[%clk 0:02:08]} 13. f3
{[%clk 0:01:43]} Nfd7 {[%clk 0:02:08]} 14. Be3 {[%clk 0:01:38]} Nc5
{[%clk 0:02:06]} 15. Ra5 {[%clk 0:01:38]} Nxd3 {[%clk 0:02:03]} 16. Qxd3
{[%clk 0:01:35]} Nd7 {[%clk 0:02:04]} 17. Qe2 {[%clk 0:01:26]} Ne5
{[%clk 0:01:57]} 18. R5a4 {[%clk 0:01:27]} Rfc8 {[%clk 0:01:54]} 19. Bf2
{[%clk 0:01:21]} Nc4 {[%clk 0:01:49]} 20. Nd1 {[%clk 0:01:22]} h6
{[%clk 0:01:37]} 21. b3 {[%clk 0:01:21]} Nb6 {[%clk 0:01:38]} 22. R4a2
{[%clk 0:01:21]} d5 {[%clk 0:01:36]} 23. e5 {[%clk 0:01:22]} Nd7 {[%clk 0:01:37]}
24. f4 Nc5 25. Be3 {[%clk 0:01:12]} Ne4 {[%clk 0:01:40]} 26. Ra4 {[%clk 0:00:53]}
a5 {[%clk 0:01:27]} 27. R4a2 {[%clk 0:00:38]} Bb4 {[%clk 0:01:26]} 28. Nb5
{[%clk 0:00:30]} Qd8 {[%clk 0:01:23]} 29. c3 {[%clk 0:00:28]} Be7
{[%clk 0:01:24]} 30. Bd4 {[%clk 0:00:28]} Rcb8 {[%clk 0:01:03]} 31. Na7
{[%clk 0:00:23]} Bc5 {[%clk 0:00:53]} 32. Bxc5 {[%clk 0:00:24]} Nxc5
{[%clk 0:00:53]} 33. Qb5 {[%clk 0:00:12]} Nxb3 {[%clk 0:00:45]} 34. Qxb3
{[%clk 0:00:12]} Rxa7 {[%clk 0:00:46]} 35. Qc2 {[%clk 0:00:09]} Bc6
{[%clk 0:00:44]} 36. Ne3 {[%clk 0:00:08]} a4 {[%clk 0:00:43]} 37. Qd2
{[%clk 0:00:09]} Rab7 {[%clk 0:00:43]} 38. Nc2 {[%clk 0:00:10]} Bd7
{[%clk 0:00:38]} 39. Nb4 {[%clk 0:00:10]} Qb6+ {[%clk 0:00:39]} 40. Kh1
{[%clk 0:00:11]} Rc8 {[%clk 0:00:38]} 41. Ra3 {[%clk 0:00:11]} Rbc7
{[%clk 0:00:39]} 42. Nc2 {[%clk 0:00:10]} Qa5 {[%clk 0:00:35]} 43. Nb4
{[%clk 0:00:10]} Rc4 {[%clk 0:00:33]} 44. f5 {[%clk 0:00:08]} Re4
{[%clk 0:00:23]} 45. f6 {[%clk 0:00:08]} Rxe5 {[%clk 0:00:22]} 46. fxg7
{[%clk 0:00:09]} Rg5 {[%clk 0:00:21]} 47. Nd3 {[%clk 0:00:06]} Kxg7
{[%clk 0:00:18]} 48. Rf1 {[%clk 0:00:06]} Qc7 {[%clk 0:00:09]} 49. Qf2
{[%clk 0:00:05]} Bb5 {[%clk 0:00:07]} 50. Qf6+ Kg8 51. Qd4 {[%clk 0:00:03]} Bxd3
{[%clk 0:00:09]} 52. Qxd3 Qc4 {[%clk 0:00:08]} 53. Qf3 {[%clk 0:00:05]} Rg7
{[%clk 0:00:08]} 54. Raa1 {[%clk 0:00:05]} Qxc3 {[%clk 0:00:08]} 55. Qxc3
{[%clk 0:00:05]} Rxc3 {[%clk 0:00:09]} 56. Rxa4 {[%clk 0:00:06]} Rc7
{[%clk 0:00:09]} 57. h3 {[%clk 0:00:06]} Kh7 {[%clk 0:00:10]} 58. Kh2
{[%clk 0:00:07]} Rg5 {[%clk 0:00:07]} 59. Raf4 {[%clk 0:00:08]} Kg7
{[%clk 0:00:09]} 60. R1f2 {[%clk 0:00:08]} h5 {[%clk 0:00:09]} 61. Ra4
{[%clk 0:00:08]} Re5 {[%clk 0:00:11]} 62. Ra3 {[%clk 0:00:08]} Re4
{[%clk 0:00:12]} 63. Rg3+ {[%clk 0:00:08]} Kf8 {[%clk 0:00:10]} 64. Rg5
{[%clk 0:00:09]} h4 {[%clk 0:00:11]} 65. Rg6 {[%clk 0:00:07]} d4 {[%clk 0:00:10]}
66. Rgf6 {[%clk 0:00:06]} d3 {[%clk 0:00:08]} 67. R6f3 {[%clk 0:00:07]} Rd7
{[%clk 0:00:09]} 68. Rd2 Red4 69. Kg1 {[%clk 0:00:08]} e5 {[%clk 0:00:11]} 70.
Kf2 {[%clk 0:00:09]} Ke7 {[%clk 0:00:09]} 71. Ke3 {[%clk 0:00:10]} Ke6
{[%clk 0:00:09]} 72. Rf1 {[%clk 0:00:08]} f5 {[%clk 0:00:09]} 73. Rb1
{[%clk 0:00:09]} Re4+ {[%clk 0:00:05]} 74. Kf3 {[%clk 0:00:10]} Rc4
{[%clk 0:00:06]} 75. Rb6+ {[%clk 0:00:10]} Kf7 {[%clk 0:00:07]} 76. Rh6
{[%clk 0:00:09]} Rd5 {[%clk 0:00:07]} 77. Ra2 {[%clk 0:00:08]} Kg7
{[%clk 0:00:06]} 78. Rb6 {[%clk 0:00:08]} Rd7 {[%clk 0:00:08]} 79. Rd2
{[%clk 0:00:08]} Rc2 {[%clk 0:00:08]} 80. Rxc2 {[%clk 0:00:08]} dxc2
{[%clk 0:00:10]} 81. Rc6 {[%clk 0:00:09]} Rd2 {[%clk 0:00:10]} 82. g4
{[%clk 0:00:05]} hxg3 {[%clk 0:00:11]} 83. Kxg3 {[%clk 0:00:06]} Kf7
{[%clk 0:00:11]} 84. h4 {[%clk 0:00:07]} e4 {[%clk 0:00:09]} 85. h5
{[%clk 0:00:07]} Kg7 {[%clk 0:00:08]} 86. Kf4 {[%clk 0:00:08]} Rf2+
{[%clk 0:00:09]} 87. Ke3 {[%clk 0:00:09]} Rh2 {[%clk 0:00:05]} 88. Kf4
{[%clk 0:00:09]} Rf2+ {[%clk 0:00:05]} 89. Ke3 {[%clk 0:00:11]} Rf3+
{[%clk 0:00:06]} 90. Ke2 {[%clk 0:00:11]} Rh3 {[%clk 0:00:07]} 91. Kd2
{[%clk 0:00:03]} f4 {[%clk 0:00:06]} 92. Kxc2 {[%clk 0:00:03]} Rxh5
{[%clk 0:00:07]} 93. Rc4 {[%clk 0:00:03]} Re5 {[%clk 0:00:07]} 94. Kd2
{[%clk 0:00:04]} Kf6 {[%clk 0:00:08]} 95. Ke2 {[%clk 0:00:06]} Kf5
{[%clk 0:00:10]} 96. Rc8 {[%clk 0:00:07]} Re6 {[%clk 0:00:11]} 97. Rf8+
{[%clk 0:00:07]} Rf6 {[%clk 0:00:12]} 98. Re8 {[%clk 0:00:08]} Re6
{[%clk 0:00:07]} 99. Rf8+ {[%clk 0:00:09]} Ke5 {[%clk 0:00:08]} 100. Rf7
{[%clk 0:00:09]} Rd6 {[%clk 0:00:07]} 101. Re7+ {[%clk 0:00:09]} Kd4
{[%clk 0:00:08]} 102. Re8 {[%clk 0:00:08]} f3+ {[%clk 0:00:09]} 103. Kf2
{[%clk 0:00:09]} Kd3 {[%clk 0:00:09]} 104. Re7 {[%clk 0:00:06]} Kd4
{[%clk 0:00:06]} 105. Re8 {[%clk 0:00:07]} Rd5 {[%clk 0:00:07]} 106. Re7
{[%clk 0:00:07]} Rd6 {[%clk 0:00:05]} 107. Re8 {[%clk 0:00:08]} Rc6
{[%clk 0:00:06]} 108. Rd8+ {[%clk 0:00:09]} Ke5 {[%clk 0:00:07]} 109. Re8+
{[%clk 0:00:10]} Re6 {[%clk 0:00:08]} 110. Rh8 {[%clk 0:00:04]} Kf4
{[%clk 0:00:05]} 111. Rf8+ {[%clk 0:00:04]} Kg4 {[%clk 0:00:06]} 112. Rg8+
{[%clk 0:00:05]} Kf5 {[%clk 0:00:07]} 113. Ke3 {[%clk 0:00:05]} Rf6
{[%clk 0:00:05]} 114. Re8 {[%clk 0:00:04]} Kg4 {[%clk 0:00:05]} 115. Rg8+
{[%clk 0:00:05]} Kf5 {[%clk 0:00:06]} 116. Re8 {[%clk 0:00:06]} Re6
{[%clk 0:00:08]} 117. Rf8+ {[%clk 0:00:07]} Ke5 {[%clk 0:00:09]} 118. Ra8
{[%clk 0:00:06]} Rd6 {[%clk 0:00:10]} 119. Re8+ {[%clk 0:00:07]} Re6
{[%clk 0:00:12]} 120. Ra8 {[%clk 0:00:08]} Kf5 {[%clk 0:00:05]} 121. Rf8+
{[%clk 0:00:07]} Kg4 {[%clk 0:00:06]} 122. Rg8+ {[%clk 0:00:08]} Kh3
{[%clk 0:00:06]} 123. Kf2 {[%clk 0:00:07]} Rf6 {[%clk 0:00:04]} 124. Re8
{[%clk 0:00:04]} Rf4 {[%clk 0:00:05]} 125. Rg8 {[%clk 0:00:04]} e3+
{[%clk 0:00:04]} 0-1

[Event "Team Championship Russia (Blitz, Men)"]
[Site "Sochi"]
[Date "2018.10.10"]
[Round "3.9"]
[White "Bocharov, Ivan"]
[Black "Ponkratov, Pavel"]
[Result "1-0"]
[BlackElo "2647"]
[WhiteElo "2667"]
[LiveChessVersion "1.4.8"]

1. e4 {[%clk 0:03:04]} g6 {[%clk 0:03:03]} 2. d4 {[%clk 0:03:04]} Bg7
{[%clk 0:03:04]} 3. Nc3 {[%clk 0:03:05]} d5 {[%clk 0:03:05]} 4. exd5
{[%clk 0:02:57]} Nf6 {[%clk 0:03:07]} 5. Bc4 {[%clk 0:02:43]} Nbd7
{[%clk 0:03:07]} 6. Nf3 {[%clk 0:02:37]} O-O {[%clk 0:03:06]} 7. O-O Nb6 8. Bb3
{[%clk 0:02:36]} a5 {[%clk 0:03:07]} 9. a4 {[%clk 0:02:23]} Nbxd5
{[%clk 0:03:08]} 10. Nxd5 {[%clk 0:02:23]} Nxd5 {[%clk 0:03:09]} 11. Re1
{[%clk 0:02:24]} e6 {[%clk 0:03:08]} 12. Ne5 {[%clk 0:02:19]} b6 {[%clk 0:03:02]}
13. Qf3 {[%clk 0:02:13]} Ba6 {[%clk 0:02:56]} 14. Nc6 {[%clk 0:02:07]} Qd6
{[%clk 0:02:56]} 15. Bxd5 {[%clk 0:02:07]} exd5 {[%clk 0:02:57]} 16. Qxd5
{[%clk 0:02:07]} Qxd5 17. Ne7+ Kh8 {[%clk 0:02:57]} 18. Nxd5 {[%clk 0:02:10]} Bb7
{[%clk 0:02:25]} 19. Nxc7 {[%clk 0:01:40]} Rac8 {[%clk 0:02:23]} 20. Bf4
{[%clk 0:01:42]} Bxd4 {[%clk 0:02:23]} 21. c3 {[%clk 0:01:42]} Bc5
{[%clk 0:02:22]} 22. Nb5 {[%clk 0:01:41]} Rcd8 {[%clk 0:02:22]} 23. Be5+
{[%clk 0:01:40]} Kg8 {[%clk 0:02:23]} 24. Bd4 {[%clk 0:01:41]} Bd5
{[%clk 0:02:19]} 25. Bxc5 {[%clk 0:01:38]} bxc5 {[%clk 0:02:20]} 26. f3
{[%clk 0:01:03]} Bb3 {[%clk 0:02:20]} 27. Re2 {[%clk 0:00:59]} Rd5
{[%clk 0:02:13]} 28. Na7 {[%clk 0:00:54]} Ra8 {[%clk 0:01:33]} 29. Nc6
{[%clk 0:00:53]} Kg7 {[%clk 0:01:35]} 30. Re5 {[%clk 0:00:44]} Rd2
{[%clk 0:01:30]} 31. Rxc5 {[%clk 0:00:43]} Rxb2 {[%clk 0:00:43]} 32. Rxa5
{[%clk 0:00:43]} Re8 {[%clk 0:00:41]} 33. Nd4 {[%clk 0:00:43]} Bc4
{[%clk 0:00:40]} 34. Rc5 {[%clk 0:00:43]} Bd3 {[%clk 0:00:40]} 35. a5
{[%clk 0:00:43]} h5 {[%clk 0:00:33]} 36. h4 {[%clk 0:00:44]} Reb8
{[%clk 0:00:26]} 37. Rc7 {[%clk 0:00:39]} Rd2 {[%clk 0:00:26]} 38. Ne6+
{[%clk 0:00:23]} Kg8 {[%clk 0:00:24]} 39. Nf4 {[%clk 0:00:24]} Ba6
{[%clk 0:00:25]} 40. Rc6 {[%clk 0:00:25]} Ra8 {[%clk 0:00:25]} 41. c4
{[%clk 0:00:23]} Rc2 {[%clk 0:00:25]} 42. c5 {[%clk 0:00:23]} Rc4
{[%clk 0:00:24]} 43. Nd5 {[%clk 0:00:23]} Bb7 {[%clk 0:00:25]} 44. Nb6
{[%clk 0:00:19]} Rxa5 {[%clk 0:00:26]} 45. Rc8+ {[%clk 0:00:17]} Bxc8
{[%clk 0:00:26]} 46. Rxa5 {[%clk 0:00:18]} Rc1+ {[%clk 0:00:27]} 47. Kh2
{[%clk 0:00:20]} Bb7 {[%clk 0:00:27]} 48. Nd7 {[%clk 0:00:19]} Kg7
{[%clk 0:00:27]} 49. Ra7 {[%clk 0:00:19]} Bd5 {[%clk 0:00:29]} 50. Rc7
{[%clk 0:00:19]} Rc2 {[%clk 0:00:30]} 51. Kg3 {[%clk 0:00:18]} Be6
{[%clk 0:00:24]} 52. Ne5 {[%clk 0:00:18]} Kf6 {[%clk 0:00:24]} 53. Nd3
{[%clk 0:00:18]} Kf5 {[%clk 0:00:19]} 54. Nf4 {[%clk 0:00:18]} Bb3
{[%clk 0:00:15]} 55. Rb7 {[%clk 0:00:19]} Ba2 {[%clk 0:00:14]} 56. Ra7
{[%clk 0:00:19]} Bb3 {[%clk 0:00:15]} 57. Ra5 {[%clk 0:00:20]} Kf6
{[%clk 0:00:15]} 58. Ra6+ {[%clk 0:00:22]} Ke5 {[%clk 0:00:14]} 59. Rb6
{[%clk 0:00:22]} Ba2 {[%clk 0:00:15]} 60. Nd3+ {[%clk 0:00:21]} Kd4
{[%clk 0:00:16]} 61. Nb4 {[%clk 0:00:20]} Re2 {[%clk 0:00:17]} 62. Nxa2
{[%clk 0:00:20]} Rxa2 {[%clk 0:00:18]} 63. Rb7 {[%clk 0:00:19]} Kxc5
{[%clk 0:00:14]} 64. Rxf7 {[%clk 0:00:20]} Ra6 {[%clk 0:00:12]} 65. Kf4
{[%clk 0:00:21]} Kd4 {[%clk 0:00:13]} 66. Rd7+ {[%clk 0:00:22]} Kc3
{[%clk 0:00:13]} 67. Kg5 {[%clk 0:00:23]} Ra2 {[%clk 0:00:08]} 68. g4
{[%clk 0:00:24]} 1-0

[Event "Team Championship Russia (Blitz, Men)"]
[Site "Sochi"]
[Date "2018.10.10"]
[Round "3.10"]
[White "Lysyj, Igor"]
[Black "Bocharov, Dmitry"]
[Result "1-0"]
[BlackElo "2649"]
[WhiteElo "2575"]
[LiveChessVersion "1.4.8"]

1. d4 {[%clk 0:03:02]} Nf6 {[%clk 0:03:03]} 2. c4 {[%clk 0:03:03]} e6
{[%clk 0:03:04]} 3. Nf3 {[%clk 0:03:04]} d5 {[%clk 0:03:04]} 4. g3
{[%clk 0:03:05]} Bb4+ {[%clk 0:03:04]} 5. Bd2 {[%clk 0:03:06]} Be7
{[%clk 0:03:04]} 6. Bg2 {[%clk 0:03:07]} O-O {[%clk 0:03:04]} 7. O-O
{[%clk 0:03:07]} Nbd7 {[%clk 0:02:57]} 8. Qc2 {[%clk 0:03:07]} Ne4
{[%clk 0:02:56]} 9. a3 {[%clk 0:03:08]} a5 {[%clk 0:02:16]} 10. Nc3
{[%clk 0:03:09]} Nxd2 {[%clk 0:02:16]} 11. Nxd2 {[%clk 0:03:09]} c6
{[%clk 0:02:17]} 12. Rfd1 {[%clk 0:03:10]} f5 {[%clk 0:02:15]} 13. e3
{[%clk 0:02:58]} Rb8 {[%clk 0:02:05]} 14. Rab1 {[%clk 0:02:46]} b5
{[%clk 0:02:05]} 15. cxb5 {[%clk 0:02:47]} cxb5 {[%clk 0:02:06]} 16. Bf1
{[%clk 0:02:46]} b4 {[%clk 0:01:36]} 17. axb4 {[%clk 0:02:47]} Bxb4
{[%clk 0:01:32]} 18. Na4 {[%clk 0:02:44]} Nf6 {[%clk 0:01:31]} 19. Nc5
{[%clk 0:02:38]} Ne4 {[%clk 0:01:27]} 20. Nf3 {[%clk 0:02:11]} Qd6
{[%clk 0:01:13]} 21. Rbc1 {[%clk 0:01:56]} Bd7 {[%clk 0:01:00]} 22. Nxd7
{[%clk 0:01:48]} Qxd7 {[%clk 0:01:01]} 23. Ne5 {[%clk 0:01:44]} Qe8
{[%clk 0:00:51]} 24. Qc6 {[%clk 0:01:38]} Rc8 {[%clk 0:00:23]} 25. Qxe8
{[%clk 0:01:30]} Rfxe8 {[%clk 0:00:24]} 26. Bb5 {[%clk 0:01:26]} Rxc1
{[%clk 0:00:11]} 27. Rxc1 {[%clk 0:01:26]} Rd8 {[%clk 0:00:12]} 28. Bd7
{[%clk 0:01:15]} g6 {[%clk 0:00:08]} 29. Bxe6+ {[%clk 0:01:07]} Kg7
{[%clk 0:00:07]} 30. Rc8 {[%clk 0:00:37]} Rxc8 {[%clk 0:00:06]} 31. Bxc8
{[%clk 0:00:38]} Kf6 {[%clk 0:00:06]} 32. Nd3 {[%clk 0:00:35]} Nd2
{[%clk 0:00:05]} 33. Bb7 {[%clk 0:00:27]} Ke6 {[%clk 0:00:07]} 34. Nf4+
{[%clk 0:00:20]} Kd6 {[%clk 0:00:08]} 35. Nxd5 {[%clk 0:00:21]} Nc4
{[%clk 0:00:09]} 36. Nxb4 {[%clk 0:00:10]} axb4 {[%clk 0:00:10]} 37. Kf1
{[%clk 0:00:11]} Nxb2 {[%clk 0:00:10]} 38. Ke2 {[%clk 0:00:12]} Na4
{[%clk 0:00:10]} 39. Kd2 {[%clk 0:00:12]} Nc3 {[%clk 0:00:11]} 40. Bf3
{[%clk 0:00:12]} g5 {[%clk 0:00:07]} 41. Kc2 {[%clk 0:00:10]} h6 {[%clk 0:00:07]}
42. h3 {[%clk 0:00:10]} Na2 {[%clk 0:00:04]} 43. Kb2 {[%clk 0:00:08]} Nc3
{[%clk 0:00:04]} 44. Kb3 {[%clk 0:00:08]} Nb1 {[%clk 0:00:05]} 45. Kxb4
{[%clk 0:00:07]} Nd2 {[%clk 0:00:05]} 46. Bg2 {[%clk 0:00:08]} f4
{[%clk 0:00:05]} 47. gxf4 {[%clk 0:00:06]} gxf4 {[%clk 0:00:06]} 48. exf4
{[%clk 0:00:07]} Ke6 {[%clk 0:00:05]} 49. Kc3 {[%clk 0:00:08]} Nb1+
{[%clk 0:00:06]} 50. Kd3 {[%clk 0:00:09]} Na3 {[%clk 0:00:06]} 51. Be4
{[%clk 0:00:10]} Nb5 {[%clk 0:00:07]} 52. h4 {[%clk 0:00:10]} Nd6
{[%clk 0:00:08]} 53. f3 {[%clk 0:00:10]} Kf6 {[%clk 0:00:09]} 54. Ke3
{[%clk 0:00:11]} Nc4+ {[%clk 0:00:10]} 55. Kd3 {[%clk 0:00:12]} Nd6
{[%clk 0:00:11]} 56. Ke3 {[%clk 0:00:11]} Nc4+ {[%clk 0:00:12]} 57. Kf2
{[%clk 0:00:13]} Nd2 {[%clk 0:00:12]} 58. Kg3 {[%clk 0:00:12]} Nf1+
{[%clk 0:00:12]} 59. Kg4 {[%clk 0:00:13]} Nd2 {[%clk 0:00:14]} 60. d5
{[%clk 0:00:16]} Nc4 {[%clk 0:00:13]} 1-0

[Event "Team Championship Russia (Blitz, Men)"]
[Site "Sochi"]
[Date "2018.10.10"]
[Round "3.11"]
[White "Khanin, Semen"]
[Black "Gutenev, Alexander"]
[Result "1-0"]
[BlackElo "2440"]
[WhiteElo "2545"]
[LiveChessVersion "1.4.8"]

1. e4 {[%clk 0:03:03]} c5 {[%clk 0:03:03]} 2. Nf3 {[%clk 0:03:04]} Nc6
{[%clk 0:03:05]} 3. d4 {[%clk 0:03:05]} cxd4 {[%clk 0:03:06]} 4. Nxd4
{[%clk 0:03:06]} Nf6 {[%clk 0:03:07]} 5. Nc3 {[%clk 0:03:07]} d6 {[%clk 0:03:09]}
6. Bg5 {[%clk 0:03:05]} e6 {[%clk 0:03:10]} 7. Qd2 {[%clk 0:03:06]} a6
{[%clk 0:03:10]} 8. O-O-O {[%clk 0:03:06]} Bd7 {[%clk 0:03:12]} 9. f3
{[%clk 0:03:04]} Be7 {[%clk 0:03:08]} 10. h4 {[%clk 0:02:58]} h6 {[%clk 0:03:09]}
11. Be3 {[%clk 0:02:58]} h5 {[%clk 0:03:10]} 12. Nxc6 {[%clk 0:02:47]} Bxc6
{[%clk 0:03:10]} 13. Bd3 {[%clk 0:02:41]} Qa5 {[%clk 0:02:25]} 14. Kb1
{[%clk 0:02:40]} Nd7 {[%clk 0:02:13]} 15. Bg5 {[%clk 0:02:27]} Bxg5
{[%clk 0:01:57]} 16. hxg5 {[%clk 0:02:22]} O-O-O {[%clk 0:01:57]} 17. Be2
{[%clk 0:02:11]} Nb6 {[%clk 0:01:41]} 18. a3 {[%clk 0:01:57]} Kb8
{[%clk 0:01:32]} 19. Qf4 {[%clk 0:01:44]} Qe5 {[%clk 0:00:51]} 20. Qxe5
{[%clk 0:01:41]} dxe5 {[%clk 0:00:52]} 21. Rxd8+ {[%clk 0:01:41]} Rxd8
{[%clk 0:00:54]} 22. Rxh5 {[%clk 0:01:41]} Nd7 {[%clk 0:00:52]} 23. Kc1
{[%clk 0:01:15]} Kc7 {[%clk 0:00:53]} 24. g3 {[%clk 0:00:50]} Kd6
{[%clk 0:00:51]} 25. f4 {[%clk 0:00:50]} Ke7 {[%clk 0:00:45]} 26. Rh7
{[%clk 0:00:46]} Rg8 {[%clk 0:00:44]} 27. Kd2 {[%clk 0:00:46]} Nf8
{[%clk 0:00:39]} 28. Rh1 {[%clk 0:00:38]} f6 {[%clk 0:00:38]} 29. fxe5
{[%clk 0:00:26]} fxe5 {[%clk 0:00:27]} 30. Ke3 {[%clk 0:00:27]} Nd7
{[%clk 0:00:22]} 31. b4 {[%clk 0:00:10]} Kf7 {[%clk 0:00:23]} 32. Nd1
{[%clk 0:00:09]} Kg6 {[%clk 0:00:21]} 33. c4 {[%clk 0:00:09]} b6 {[%clk 0:00:17]}
34. Nf2 {[%clk 0:00:09]} Kxg5 {[%clk 0:00:15]} 35. Nd3 {[%clk 0:00:10]} Kf6
{[%clk 0:00:14]} 36. Rf1+ {[%clk 0:00:10]} Ke7 {[%clk 0:00:15]} 37. Bh5
{[%clk 0:00:11]} g6 {[%clk 0:00:12]} 38. Bf3 {[%clk 0:00:11]} Rh8
{[%clk 0:00:13]} 39. Rh1 {[%clk 0:00:12]} Rxh1 {[%clk 0:00:11]} 40. Bxh1 Kd6 41.
Kd2 {[%clk 0:00:10]} Nf6 {[%clk 0:00:13]} 42. Ke3 {[%clk 0:00:10]} Ng4+
{[%clk 0:00:13]} 43. Ke2 {[%clk 0:00:10]} Bb7 {[%clk 0:00:09]} 44. Bf3
{[%clk 0:00:11]} Nf6 {[%clk 0:00:10]} 45. Ke3 {[%clk 0:00:12]} Bc6
{[%clk 0:00:10]} 46. Nf2 {[%clk 0:00:12]} Ba4 {[%clk 0:00:08]} 47. Nd3
{[%clk 0:00:13]} Bb3 {[%clk 0:00:04]} 48. c5+ {[%clk 0:00:14]} 1-0